Loading...
| History - Other | 0 | 7 | 0 | 1 | 70 | 74 | 99.86 | 1 | 5 | 15.37 | 42.73 |
| Mythology | 0 | 6 | 0 | 1 | 60 | 27 | 82.17 | 2 | 4 | 21.27 | 39.09 |
| Religion | 0 | 4 | 0 | 0 | 40 | 25 | 76.00 | 1 | 2 | 15.02 | 20.91 |
| Philosophy | 0 | 4 | 1 | 0 | 35 | 62 | 89.75 | 0 | 1 | 10.50 | 22.73 |
| Literature - European | 0 | 3 | 0 | 0 | 30 | 87 | 103.00 | 0 | 3 | 7.50 | 22.73 |
| Literature - British | 0 | 3 | 0 | 0 | 30 | 48 | 81.67 | 1 | 2 | 10.82 | 20.00 |
| History - American | 0 | 2 | 0 | 0 | 20 | 105 | 106.00 | 1 | 1 | 2.21 | 14.55 |
| History - European | 0 | 2 | 0 | 0 | 20 | 66 | 102.50 | 0 | 1 | 4.41 | 8.18 |
| Science - Chemistry | 0 | 2 | 0 | 0 | 20 | 105 | 109.50 | 0 | 1 | 2.44 | 11.82 |
| Literature - American | 0 | 2 | 0 | 0 | 20 | 74 | 103.50 | 0 | 1 | 4.16 | 10.91 |
| Science - Biology | 0 | 2 | 1 | 0 | 15 | 99 | 106.50 | 0 | 1 | 2.32 | 10.00 |
| Geography | 0 | 1 | 0 | 1 | 10 | 98 | 98.00 | 0 | 0 | 9.14 | 23.33 |
| History - World | 0 | 1 | 0 | 0 | 10 | 105 | 105.00 | 0 | 0 | 1.57 | 6.36 |
| Literature - World | 0 | 1 | 0 | 0 | 10 | 73 | 73.00 | 0 | 1 | 4.06 | 7.27 |
| Social Science | 0 | 0 | 1 | 0 | -5 | 0.00 | 0 | 0 | 0.00 | 0.00 |